May lending is the second highest on record (Record no. 77316)

MARC details
000 -LEADER
fixed length control field 01028cab a2200205 4500
001 - CONTROL NUMBER
control field ##L134006
008 - FIXED-LENGTH DATA ELEMENTS--GENERAL INFORMATION
fixed length control field 060629n2006 000 0 eng u
035 ## - SYSTEM CONTROL NUMBER
System control number (Sirsi) u134006
041 0# - LANGUAGE CODE
Language code of text/sound track or separate title eng
110 2# - MAIN ENTRY--CORPORATE NAME
Corporate name or jurisdiction name as entry element Council of Mortgage Lenders
9 (RLIN) 5903
245 00 - TITLE STATEMENT
Title May lending is the second highest on record
260 ## - PUBLICATION, DISTRIBUTION, ETC.
Date of publication, distribution, etc. 2006
490 #0 - SERIES STATEMENT
Series statement CML Press Release
Volume/sequential designation 20 June 2006
520 ## - SUMMARY, ETC.
Summary, etc. Gross mortgage lending reached £28.7bn in May, 18% higher than in April and nearly 30% higher than in May 2005. It was the strongest May figure on record, only 0.55 below the single month record set in July 2004 (£28.9bn). There are currently 11.6m mortgages in the UK with loans worth around £1trillion.
590 ## - LOCAL NOTE (RLIN)
Local note IKA040706
651 #4 - SUBJECT ADDED ENTRY--GEOGRAPHIC NAME
Geographic name United Kingdom
Chronological subdivision
690 ## - LOCAL SUBJECT ADDED ENTRY--TOPICAL TERM (OCLC, RLIN)
Topical term or geographic name as entry element PROPERTY-RESIDENTIAL PROPERTY-RESIDENTIAL PROPERTY FINANCE AND INVESTMENT-MORTGAGING RESIDENTIAL PROPERTY
856 40 - ELECTRONIC LOCATION AND ACCESS
Uniform Resource Identifier <a href="https://www.cml.org.uk/cml/media/press/816 ">https://www.cml.org.uk/cml/media/press/816 </a>
Public note View the press release and gross lending table free of charge at www.cml.org.uk...
942 ## - ADDED ENTRY ELEMENTS (KOHA)
Suppress in OPAC 0
Holdings
Withdrawn status Lost status Source of classification or shelving scheme Damaged status Not for loan Home library Current library Shelving location Date acquired Total Checkouts Full call number Barcode Date last seen Copy number Price effective from Koha item type
    Dewey Decimal Classification     Virtual Virtual Online 29/06/2006   ONLINE PUBLICATION 134006-2001 06/08/2019 1 06/08/2019 Journal article